latin: conjugaison - Statistiques

Statistiques générales
  • Ce quiz a été pris 29 fois
  • Le résultat moyen est 156 sur 655
Statistiques - réponses
Voie Mode temps conjugaison verbe personne Réponse % Correct
Active Indicatif Présent 1ere amare 1e sing am{o}
100%
Active Indicatif Présent 2eme delere 1e sing del{eo}
100%
Active Indicatif Présent 1ere amare 2e sing am{as}
94%
Active Indicatif Présent 4eme audire 1e sing aud{io}
94%
Active Indicatif Présent 3eme mixte capere 1e sing cap{io}
94%
Active Indicatif Présent 3eme legere 1e sing leg{o}
94%
Active Indicatif Présent 1ere amare 3e sing am{at}
88%
Active Indicatif Présent 4eme audire 2e sing aud{is}
88%
Active Indicatif Présent 4eme audire 3e sing aud{it}
88%
Active Indicatif Présent 3eme mixte capere 2e sing cap{is}
88%
Active Indicatif Présent 3eme mixte capere 3e sing cap{it}
88%
Active Indicatif Présent 2eme delere 2e sing del{es}
88%
Active Indicatif Présent 2eme delere 3e sing del{et}
88%
Active Indicatif Présent 3eme legere 2e sing leg{is}
88%
Active Indicatif Présent 3eme legere 3e sing leg{it}
88%
Active Indicatif Présent 1ere amare 1e plur am{amus}
82%
Active Indicatif Présent 4eme audire 1e plur aud{imus}
82%
Active Indicatif Présent 3eme mixte capere 1e plur cap{imus}
82%
Active Indicatif Présent 2eme delere 1e plur del{emus}
82%
Active Indicatif Présent 3eme legere 1e plur leg{imus}
82%
Active Indicatif Présent 1ere amare 3e plur am{ant}
76%
Active Indicatif Présent 1ere amare 2e plur am{atis}
76%
Active Indicatif Présent 4eme audire 2e plur aud{itis}
76%
Active Indicatif Présent 3eme mixte capere 2e plur cap{itis}
76%
Active Indicatif Présent 2eme delere 3e plur del{ent}
76%
Active Indicatif Présent 2eme delere 2e plur del{etis}
76%
Active Indicatif Présent 3eme legere 2e plur leg{itis}
76%
Active Indicatif Imparfait 1ere amare 1e sing am{abam}
71%
Active Indicatif Présent 3eme legere 3e plur leg{unt}
71%
Active Indicatif Imparfait 1ere amare 1e plur am{abamus}
65%
Active Indicatif Imparfait 1ere amare 3e plur am{abant}
65%
Active Indicatif Imparfait 1ere amare 2e sing am{abas}
65%
Active Indicatif Imparfait 1ere amare 3e sing am{abat}
65%
Active Indicatif Parfait 1ere amare 1e sing amav{i}
65%
Active Indicatif Présent 4eme audire 3e plur aud{iunt}
65%
Active Indicatif Imparfait 1ere amare 2e plur am{abatis}
59%
Active Indicatif Parfait 1ere amare 1e plur amav{imus}
59%
Active Indicatif Parfait 1ere amare 3e sing amav{it}
59%
Active Indicatif Présent 3eme mixte capere 3e plur cap{iunt}
59%
Active Indicatif Imparfait 2eme delere 1e sing del{ebam}
59%
Active Indicatif Imparfait 2eme delere 2e sing del{ebas}
59%
Active Indicatif Imparfait 3eme legere 1e sing leg{ebam}
59%
Active Indicatif Imparfait 3eme legere 2e sing leg{ebas}
59%
Active Indicatif Futur 1ere amare 1e plur am{abimus}
53%
Active Indicatif Futur 1ere amare 2e sing am{abis}
53%
Active Indicatif Futur 1ere amare 3e sing am{abit}
53%
Active Indicatif Futur 1ere amare 1e sing am{abo}
53%
Active Indicatif Futur 1ere amare 3e plur am{abunt}
53%
Active Indicatif Parfait 1ere amare 2e sing amav{isti}
53%
Active Indicatif Parfait 1ere amare 2e plur amav{istis}
53%
Active Indicatif Imparfait 4eme audire 1e sing aud{iebam}
53%
Active Indicatif Imparfait 4eme audire 2e sing aud{iebas}
53%
Active Indicatif Parfait 4eme audire 1e sing audiv{i}
53%
Active Indicatif Parfait 4eme audire 1e plur audiv{imus}
53%
Active Indicatif Parfait 4eme audire 3e sing audiv{it}
53%
Active Indicatif Imparfait 3eme mixte capere 1e sing cap{iebam}
53%
Active Indicatif Imparfait 3eme mixte capere 2e sing cap{iebas}
53%
Active Indicatif Parfait 3eme mixte capere 1e sing cep{i}
53%
Active Indicatif Parfait 3eme mixte capere 1e plur cep{imus}
53%
Active Indicatif Parfait 3eme mixte capere 3e sing cep{it}
53%
Active Indicatif Imparfait 2eme delere 1e plur del{ebamus}
53%
Active Indicatif Imparfait 2eme delere 3e plur del{ebant}
53%
Active Indicatif Imparfait 2eme delere 3e sing del{ebat}
53%
Active Indicatif Imparfait 2eme delere 2e plur del{ebatis}
53%
Active Indicatif Parfait 2eme delere 1e sing delev{i}
53%
Active Indicatif Parfait 2eme delere 1e plur delev{imus}
53%
Active Indicatif Parfait 2eme delere 3e sing delev{it}
53%
Active Indicatif Imparfait 3eme legere 1e plur leg{ebamus}
53%
Active Indicatif Imparfait 3eme legere 3e plur leg{ebant}
53%
Active Indicatif Imparfait 3eme legere 3e sing leg{ebat}
53%
Active Indicatif Imparfait 3eme legere 2e plur leg{ebatis}
53%
Active Indicatif Parfait 3eme legere 1e sing leg{i}
53%
Active Indicatif Parfait 3eme legere 1e plur leg{imus}
53%
Active Indicatif Parfait 3eme legere 3e sing leg{it}
53%
Active Indicatif Futur 1ere amare 2e plur am{abitis}
47%
Passive Indicatif Présent 1ere amare 1e sing am{or}
47%
Active Indicatif Imparfait 4eme audire 1e plur aud{iebamus}
47%
Active Indicatif Imparfait 4eme audire 3e plur aud{iebant}
47%
Active Indicatif Imparfait 4eme audire 3e sing aud{iebat}
47%
Active Indicatif Imparfait 4eme audire 2e plur aud{iebatis}
47%
Active Indicatif Parfait 4eme audire 2e sing audiv{isti}
47%
Active Indicatif Parfait 4eme audire 2e plur audiv{istis}
47%
Active Indicatif Imparfait 3eme mixte capere 1e plur cap{iebamus}
47%
Active Indicatif Imparfait 3eme mixte capere 3e plur cap{iebant}
47%
Active Indicatif Imparfait 3eme mixte capere 3e sing cap{iebat}
47%
Active Indicatif Imparfait 3eme mixte capere 2e plur cap{iebatis}
47%
Active Indicatif Parfait 3eme mixte capere 2e sing cep{isti}
47%
Active Indicatif Parfait 3eme mixte capere 2e plur cep{istis}
47%
Active Indicatif Futur 2eme delere 1e plur del{ebimus}
47%
Active Indicatif Futur 2eme delere 2e sing del{ebis}
47%
Active Indicatif Futur 2eme delere 3e sing del{ebit}
47%
Active Indicatif Futur 2eme delere 2e plur del{ebitis}
47%
Active Indicatif Futur 2eme delere 1e sing del{ebo}
47%
Active Indicatif Futur 2eme delere 3e plur del{ebunt}
47%
Active Indicatif Parfait 2eme delere 2e sing delev{isti}
47%
Active Indicatif Parfait 2eme delere 2e plur delev{istis}
47%
Active Indicatif Parfait 3eme legere 2e sing leg{isti}
47%
Active Indicatif Parfait 3eme legere 2e plur leg{istis}
47%
Active Impératif Présent 1ere amare 2e sing am{a}
41%
Active Indicatif Plus-que-parfait 1ere amare 1e sing amav{eram}
41%
Active Indicatif Parfait 1ere amare 3e plur amav{erunt}
41%
Active Impératif Présent 4eme audire 2e sing aud{i}
41%
Active Indicatif Futur 4eme audire 1e sing aud{iam}
41%
Active Indicatif Futur 4eme audire 1e plur aud{iemus}
41%
Active Indicatif Futur 4eme audire 3e plur aud{ient}
41%
Active Indicatif Futur 4eme audire 2e sing aud{ies}
41%
Active Indicatif Futur 4eme audire 3e sing aud{iet}
41%
Active Indicatif Futur 4eme audire 2e plur aud{ietis}
41%
Active Impératif Présent 3eme mixte capere 2e sing cap{e}
41%
Active Indicatif Futur 3eme mixte capere 1e sing cap{iam}
41%
Active Indicatif Futur 3eme mixte capere 1e plur cap{iemus}
41%
Active Indicatif Futur 3eme mixte capere 3e plur cap{ient}
41%
Active Indicatif Futur 3eme mixte capere 2e sing cap{ies}
41%
Active Indicatif Futur 3eme mixte capere 3e sing cap{iet}
41%
Active Indicatif Futur 3eme mixte capere 2e plur cap{ietis}
41%
Active Impératif Présent 2eme delere 2e sing del{e}
41%
Passive Indicatif Présent 2eme delere 1e sing del{eor}
41%
Active Indicatif Futur 3eme legere 1e sing leg{am}
41%
Active Impératif Présent 3eme legere 2e sing leg{e}
41%
Active Indicatif Futur 3eme legere 1e plur leg{emus}
41%
Active Indicatif Futur 3eme legere 3e plur leg{ent}
41%
Active Indicatif Futur 3eme legere 2e sing leg{es}
41%
Active Indicatif Futur 3eme legere 3e sing leg{et}
41%
Active Indicatif Futur 3eme legere 2e plur leg{etis}
41%
Passive Indicatif Futur 1ere amare 1e sing am{abor}
35%
Passive Indicatif Présent 1ere amare 2e sing am{aris}
35%
Passive Indicatif Présent 1ere amare 3e sing am{atur}
35%
Active Indicatif Plus-que-parfait 1ere amare 1e plur amav{eramus}
35%
Active Indicatif Plus-que-parfait 1ere amare 3e plur amav{erant}
35%
Active Indicatif Plus-que-parfait 1ere amare 2e sing amav{eras}
35%
Active Indicatif Plus-que-parfait 1ere amare 3e sing amav{erat}
35%
Active Indicatif Plus-que-parfait 1ere amare 2e plur amav{eratis}
35%
Active Indicatif Futur antérieur 1ere amare 1e sing amav{ero}
35%
Active Subjonctif Présent 1ere amare 1e sing am{em}
35%
Active Subjonctif Présent 1ere amare 1e plur am{emus}
35%
Active Subjonctif Présent 1ere amare 2e sing am{es}
35%
Active Subjonctif Présent 1ere amare 3e sing am{et}
35%
Active Subjonctif Présent 1ere amare 2e plur am{etis}
35%
Active Subjonctif Présent 4eme audire 1e sing aud{iam}
35%
Passive Indicatif Présent 4eme audire 1e sing aud{ior}
35%
Passive Indicatif Présent 4eme audire 2e sing aud{iris}
35%
Active Indicatif Plus-que-parfait 4eme audire 1e sing audiv{eram}
35%
Active Indicatif Plus-que-parfait 4eme audire 1e plur audiv{eramus}
35%
Active Indicatif Plus-que-parfait 4eme audire 3e plur audiv{erant}
35%
Active Indicatif Plus-que-parfait 4eme audire 2e sing audiv{eras}
35%
Active Indicatif Plus-que-parfait 4eme audire 3e sing audiv{erat}
35%
Active Indicatif Plus-que-parfait 4eme audire 2e plur audiv{eratis}
35%
Active Indicatif Parfait 4eme audire 3e plur audiv{erunt}
35%
Passive Indicatif Présent 3eme mixte capere 2e sing cap{eris}
35%
Active Subjonctif Présent 3eme mixte capere 1e sing cap{iam}
35%
Passive Indicatif Présent 3eme mixte capere 1e sing cap{ior}
35%
Active Indicatif Plus-que-parfait 3eme mixte capere 1e sing cep{eram}
35%
Active Indicatif Plus-que-parfait 3eme mixte capere 1e plur cep{eramus}
35%
Active Indicatif Plus-que-parfait 3eme mixte capere 3e plur cep{erant}
35%
Active Indicatif Plus-que-parfait 3eme mixte capere 2e sing cep{eras}
35%
Active Indicatif Plus-que-parfait 3eme mixte capere 3e sing cep{erat}
35%
Active Indicatif Plus-que-parfait 3eme mixte capere 2e plur cep{eratis}
35%
Active Indicatif Parfait 3eme mixte capere 3e plur cep{erunt}
35%
Passive Indicatif Futur 2eme delere 1e sing del{ebor}
35%
Passive Indicatif Présent 2eme delere 2e sing del{eris}
35%
Passive Indicatif Présent 2eme delere 3e sing del{etur}
35%
Active Indicatif Plus-que-parfait 2eme delere 1e sing delev{eram}
35%
Active Indicatif Plus-que-parfait 2eme delere 1e plur delev{eramus}
35%
Active Indicatif Plus-que-parfait 2eme delere 3e plur delev{erant}
35%
Active Indicatif Plus-que-parfait 2eme delere 2e sing delev{eras}
35%
Active Indicatif Plus-que-parfait 2eme delere 3e sing delev{erat}
35%
Active Indicatif Plus-que-parfait 2eme delere 2e plur delev{eratis}
35%
Active Indicatif Parfait 2eme delere 3e plur delev{erunt}
35%
Active Subjonctif Présent 3eme legere 1e sing leg{am}
35%
Active Indicatif Plus-que-parfait 3eme legere 1e sing leg{eram}
35%
Active Indicatif Plus-que-parfait 3eme legere 1e plur leg{eramus}
35%
Active Indicatif Plus-que-parfait 3eme legere 3e plur leg{erant}
35%
Active Indicatif Plus-que-parfait 3eme legere 2e sing leg{eras}
35%
Active Indicatif Plus-que-parfait 3eme legere 3e sing leg{erat}
35%
Active Indicatif Plus-que-parfait 3eme legere 2e plur leg{eratis}
35%
Passive Indicatif Présent 3eme legere 2e sing leg{eris}
35%
Active Indicatif Parfait 3eme legere 3e plur leg{erunt}
35%
Passive Indicatif Présent 3eme legere 1e sing leg{or}
35%
Passive Indicatif Imparfait 1ere amare 2e plur am{abamini}
29%
Passive Indicatif Imparfait 1ere amare 1e plur am{abamur}
29%
Passive Indicatif Imparfait 1ere amare 3e plur am{abantur}
29%
Passive Indicatif Imparfait 1ere amare 1e sing am{abar}
29%
Passive Indicatif Présent 1ere amare 2e plur am{amini}
29%
Passive Indicatif Présent 1ere amare 1e plur am{amur}
29%
Passive Indicatif Présent 1ere amare 3e plur am{antur}
29%
Active Indicatif Futur antérieur 1ere amare 1e plur amav{erimus}
29%
Active Indicatif Futur antérieur 1ere amare 3e plur amav{erint}
29%
Active Indicatif Futur antérieur 1ere amare 2e sing amav{eris}
29%
Active Indicatif Futur antérieur 1ere amare 3e sing amav{erit}
29%
Active Indicatif Futur antérieur 1ere amare 2e plur amav{eritis}
29%
Active Subjonctif Présent 1ere amare 3e plur am{ent}
29%
Active Subjonctif Présent 4eme audire 1e plur aud{iamus}
29%
Active Subjonctif Présent 4eme audire 3e plur aud{iant}
29%
Active Subjonctif Présent 4eme audire 2e sing aud{ias}
29%
Active Subjonctif Présent 4eme audire 3e sing aud{iat}
29%
Active Subjonctif Présent 4eme audire 2e plur aud{iatis}
29%
Passive Indicatif Imparfait 4eme audire 2e plur aud{iebamini}
29%
Passive Indicatif Imparfait 4eme audire 1e plur aud{iebamur}
29%
Passive Indicatif Imparfait 4eme audire 3e plur aud{iebantur}
29%
Passive Indicatif Présent 4eme audire 2e plur aud{imini}
29%
Passive Indicatif Présent 4eme audire 1e plur aud{imur}
29%
Passive Indicatif Présent 4eme audire 3e sing aud{itur}
29%
Active Indicatif Futur antérieur 4eme audire 1e plur audiv{erimus}
29%
Active Indicatif Futur antérieur 4eme audire 3e plur audiv{erint}
29%
Active Indicatif Futur antérieur 4eme audire 2e sing audiv{eris}
29%
Active Indicatif Futur antérieur 4eme audire 3e sing audiv{erit}
29%
Active Indicatif Futur antérieur 4eme audire 2e plur audiv{eritis}
29%
Active Indicatif Futur antérieur 4eme audire 1e sing audiv{ero}
29%
Active Subjonctif Présent 3eme mixte capere 1e plur cap{iamus}
29%
Active Subjonctif Présent 3eme mixte capere 3e plur cap{iant}
29%
Active Subjonctif Présent 3eme mixte capere 2e sing cap{ias}
29%
Active Subjonctif Présent 3eme mixte capere 3e sing cap{iat}
29%
Active Subjonctif Présent 3eme mixte capere 2e plur cap{iatis}
29%
Passive Indicatif Imparfait 3eme mixte capere 2e plur cap{iebamini}
29%
Passive Indicatif Imparfait 3eme mixte capere 1e plur cap{iebamur}
29%
Passive Indicatif Imparfait 3eme mixte capere 3e plur cap{iebantur}
29%
Passive Indicatif Futur 3eme mixte capere 2e sing cap{ieris}
29%
Passive Indicatif Présent 3eme mixte capere 2e plur cap{imini}
29%
Passive Indicatif Présent 3eme mixte capere 1e plur cap{imur}
29%
Passive Indicatif Présent 3eme mixte capere 3e sing cap{itur}
29%
Active Indicatif Futur antérieur 3eme mixte capere 1e plur cep{erimus}
29%
Active Indicatif Futur antérieur 3eme mixte capere 3e plur cep{erint}
29%
Active Indicatif Futur antérieur 3eme mixte capere 2e sing cep{eris}
29%
Active Indicatif Futur antérieur 3eme mixte capere 3e sing cep{erit}
29%
Active Indicatif Futur antérieur 3eme mixte capere 2e plur cep{eritis}
29%
Active Indicatif Futur antérieur 3eme mixte capere 1e sing cep{ero}
29%
Active Subjonctif Présent 2eme delere 1e sing del{eam}
29%
Active Subjonctif Présent 2eme delere 1e plur del{eamus}
29%
Active Subjonctif Présent 2eme delere 2e sing del{eas}
29%
Active Subjonctif Présent 2eme delere 3e sing del{eat}
29%
Active Subjonctif Présent 2eme delere 2e plur del{eatis}
29%
Passive Indicatif Imparfait 2eme delere 2e plur del{ebamini}
29%
Passive Indicatif Imparfait 2eme delere 1e plur del{ebamur}
29%
Passive Indicatif Imparfait 2eme delere 3e plur del{ebantur}
29%
Passive Indicatif Imparfait 2eme delere 1e sing del{ebar}
29%
Passive Indicatif Présent 2eme delere 2e plur del{emini}
29%
Passive Indicatif Présent 2eme delere 1e plur del{emur}
29%
Passive Indicatif Présent 2eme delere 3e plur del{entur}
29%
Active Indicatif Futur antérieur 2eme delere 1e plur delev{erimus}
29%
Active Indicatif Futur antérieur 2eme delere 3e plur delev{erint}
29%
Active Indicatif Futur antérieur 2eme delere 2e sing delev{eris}
29%
Active Indicatif Futur antérieur 2eme delere 3e sing delev{erit}
29%
Active Indicatif Futur antérieur 2eme delere 2e plur delev{eritis}
29%
Active Indicatif Futur antérieur 2eme delere 1e sing delev{ero}
29%
Active Subjonctif Présent 3eme legere 1e plur leg{amus}
29%
Active Subjonctif Présent 3eme legere 3e plur leg{ant}
29%
Passive Indicatif Futur 3eme legere 1e sing leg{ar}
29%
Active Subjonctif Présent 3eme legere 2e sing leg{as}
29%
Active Subjonctif Présent 3eme legere 3e sing leg{at}
29%
Active Subjonctif Présent 3eme legere 2e plur leg{atis}
29%
Passive Indicatif Imparfait 3eme legere 2e plur leg{ebamini}
29%
Passive Indicatif Imparfait 3eme legere 1e plur leg{ebamur}
29%
Passive Indicatif Imparfait 3eme legere 3e plur leg{ebantur}
29%
Active Indicatif Futur antérieur 3eme legere 1e plur leg{erimus}
29%
Active Indicatif Futur antérieur 3eme legere 3e plur leg{erint}
29%
Active Indicatif Futur antérieur 3eme legere 2e sing leg{eris}
29%
Passive Indicatif Futur 3eme legere 2e sing leg{eris}
29%
Active Indicatif Futur antérieur 3eme legere 3e sing leg{erit}
29%
Active Indicatif Futur antérieur 3eme legere 2e plur leg{eritis}
29%
Active Indicatif Futur antérieur 3eme legere 1e sing leg{ero}
29%
Passive Indicatif Présent 3eme legere 2e plur leg{imini}
29%
Passive Indicatif Présent 3eme legere 1e plur leg{imur}
29%
Passive Indicatif Présent 3eme legere 3e sing leg{itur}
29%
Passive Indicatif Imparfait 1ere amare 2e sing am{abaris}
24%
Passive Indicatif Imparfait 1ere amare 3e sing am{abatur}
24%
Passive Indicatif Futur 1ere amare 2e sing am{aberis}
24%
Passive Indicatif Futur 1ere amare 2e plur am{abimini}
24%
Passive Indicatif Futur 1ere amare 1e plur am{abimur}
24%
Active Subjonctif Imparfait 1ere amare 1e sing am{arem}
24%
Active Subjonctif Imparfait 1ere amare 1e plur am{aremus}
24%
Active Subjonctif Imparfait 1ere amare 3e plur am{arent}
24%
Active Subjonctif Imparfait 1ere amare 2e sing am{ares}
24%
Active Subjonctif Imparfait 1ere amare 3e sing am{aret}
24%
Active Subjonctif Imparfait 1ere amare 2e plur am{aretis}
24%
Active Subjonctif Plus-que-parfait 1ere amare 1e sing amav{issem}
24%
Active Subjonctif Plus-que-parfait 1ere amare 1e plur amav{issemus}
24%
Active Subjonctif Plus-que-parfait 1ere amare 3e plur amav{issent}
24%
Active Subjonctif Plus-que-parfait 1ere amare 2e sing amav{isses}
24%
Active Subjonctif Plus-que-parfait 1ere amare 3e sing amav{isset}
24%
Active Subjonctif Plus-que-parfait 1ere amare 2e plur amav{issetis}
24%
Passive Indicatif Futur 4eme audire 1e sing aud{iar}
24%
Passive Indicatif Imparfait 4eme audire 1e sing aud{iebar}
24%
Passive Indicatif Imparfait 4eme audire 2e sing aud{iebaris}
24%
Passive Indicatif Imparfait 4eme audire 3e sing aud{iebatur}
24%
Passive Indicatif Futur 4eme audire 2e plur aud{iemini}
24%
Passive Indicatif Futur 4eme audire 1e plur aud{iemur}
24%
Passive Indicatif Futur 4eme audire 3e plur aud{ientur}
24%
Passive Indicatif Futur 4eme audire 2e sing aud{ieris}
24%
Active Subjonctif Imparfait 4eme audire 1e sing aud{irem}
24%
Active Subjonctif Imparfait 4eme audire 2e sing aud{ires}
24%
Active Subjonctif Imparfait 4eme audire 3e sing aud{iret}
24%
Passive Indicatif Présent 4eme audire 3e plur aud{iuntur}
24%
Active Subjonctif Plus-que-parfait 4eme audire 1e sing audiv{issem}
24%
Active Subjonctif Imparfait 3eme mixte capere 1e sing cap{erem}
24%
Active Subjonctif Imparfait 3eme mixte capere 2e sing cap{eres}
24%
Active Subjonctif Imparfait 3eme mixte capere 3e sing cap{eret}
24%
Passive Indicatif Futur 3eme mixte capere 1e sing cap{iar}
24%
Passive Indicatif Imparfait 3eme mixte capere 1e sing cap{iebar}
24%
Passive Indicatif Imparfait 3eme mixte capere 2e sing cap{iebaris}
24%
Passive Indicatif Imparfait 3eme mixte capere 3e sing cap{iebatur}
24%
Passive Indicatif Futur 3eme mixte capere 2e plur cap{iemini}
24%
Passive Indicatif Futur 3eme mixte capere 1e plur cap{iemur}
24%
Passive Indicatif Futur 3eme mixte capere 3e plur cap{ientur}
24%
Active Subjonctif Plus-que-parfait 3eme mixte capere 1e sing cep{issem}
24%
Active Subjonctif Présent 2eme delere 3e plur del{eant}
24%
Passive Indicatif Imparfait 2eme delere 2e sing del{ebaris}
24%
Passive Indicatif Imparfait 2eme delere 3e sing del{ebatur}
24%
Passive Indicatif Futur 2eme delere 2e sing del{eberis}
24%
Passive Indicatif Futur 2eme delere 2e plur del{ebimini}
24%
Passive Indicatif Futur 2eme delere 1e plur del{ebimur}
24%
Active Subjonctif Imparfait 2eme delere 1e sing del{erem}
24%
Active Subjonctif Imparfait 2eme delere 1e plur del{eremus}
24%
Active Subjonctif Imparfait 2eme delere 3e plur del{erent}
24%
Active Subjonctif Imparfait 2eme delere 2e sing del{eres}
24%
Active Subjonctif Imparfait 2eme delere 3e sing del{eret}
24%
Active Subjonctif Imparfait 2eme delere 2e plur del{eretis}
24%
Passive Indicatif Imparfait 3eme legere 1e sing leg{ebar}
24%
Passive Indicatif Imparfait 3eme legere 2e sing leg{ebaris}
24%
Passive Indicatif Imparfait 3eme legere 3e sing leg{ebatur}
24%
Passive Indicatif Futur 3eme legere 2e plur leg{emini}
24%
Passive Indicatif Futur 3eme legere 1e plur leg{emur}
24%
Passive Indicatif Futur 3eme legere 3e plur leg{entur}
24%
Active Subjonctif Imparfait 3eme legere 1e sing leg{erem}
24%
Active Subjonctif Imparfait 3eme legere 1e plur leg{eremus}
24%
Active Subjonctif Imparfait 3eme legere 2e sing leg{eres}
24%
Active Subjonctif Imparfait 3eme legere 3e sing leg{eret}
24%
Active Subjonctif Plus-que-parfait 3eme legere 1e sing leg{issem}
24%
Passive Indicatif Présent 3eme legere 3e plur leg{untur}
24%
Passive Indicatif Futur 1ere amare 3e sing am{abitur}
18%
Passive Indicatif Futur 1ere amare 3e plur am{abuntur}
18%
Active Impératif Présent 1ere amare 2e plur am{ate}
18%
Passive Indicatif Parfait 1ere amare 1e plur amat{i} {sumus}
18%
Passive Indicatif Plus-que-parfait 1ere amare 1e sing amat{us} {eram}
18%
Passive Indicatif Parfait 1ere amare 1e sing amat{us} {sum}
18%
Active Subjonctif Parfait 1ere amare 1e sing amav{erim}
18%
Active Subjonctif Parfait 1ere amare 1e plur amav{erimus}
18%
Active Subjonctif Parfait 1ere amare 3e plur amav{erint}
18%
Active Subjonctif Parfait 1ere amare 2e sing amav{eris}
18%
Active Subjonctif Parfait 1ere amare 3e sing amav{erit}
18%
Active Subjonctif Parfait 1ere amare 2e plur amav{eritis}
18%
Passive Indicatif Futur 4eme audire 3e sing aud{ietur}
18%
Active Subjonctif Imparfait 4eme audire 1e plur aud{iremus}
18%
Active Subjonctif Imparfait 4eme audire 3e plur aud{irent}
18%
Active Subjonctif Imparfait 4eme audire 2e plur aud{iretis}
18%
Active Impératif Présent 4eme audire 2e plur aud{ite}
18%
Active Subjonctif Parfait 4eme audire 1e sing audiv{erim}
18%
Active Subjonctif Parfait 4eme audire 1e plur audiv{erimus}
18%
Active Subjonctif Parfait 4eme audire 3e plur audiv{erint}
18%
Active Subjonctif Parfait 4eme audire 2e sing audiv{eris}
18%
Active Subjonctif Parfait 4eme audire 3e sing audiv{erit}
18%
Active Subjonctif Parfait 4eme audire 2e plur audiv{eritis}
18%
Active Subjonctif Plus-que-parfait 4eme audire 1e plur audiv{issemus}
18%
Active Subjonctif Plus-que-parfait 4eme audire 3e plur audiv{issent}
18%
Active Subjonctif Plus-que-parfait 4eme audire 2e sing audiv{isses}
18%
Active Subjonctif Plus-que-parfait 4eme audire 3e sing audiv{isset}
18%
Active Subjonctif Plus-que-parfait 4eme audire 2e plur audiv{issetis}
18%
Active Subjonctif Imparfait 3eme mixte capere 1e plur cap{eremus}
18%
Active Subjonctif Imparfait 3eme mixte capere 3e plur cap{erent}
18%
Active Subjonctif Imparfait 3eme mixte capere 2e plur cap{eretis}
18%
Passive Indicatif Futur 3eme mixte capere 3e sing cap{ietur}
18%
Passive Indicatif Présent 3eme mixte capere 3e plur cap{iuntur}
18%
Active Subjonctif Parfait 3eme mixte capere 1e sing cep{erim}
18%
Active Subjonctif Parfait 3eme mixte capere 1e plur cep{erimus}
18%
Active Subjonctif Parfait 3eme mixte capere 3e plur cep{erint}
18%
Active Subjonctif Parfait 3eme mixte capere 2e sing cep{eris}
18%
Active Subjonctif Parfait 3eme mixte capere 3e sing cep{erit}
18%
Active Subjonctif Parfait 3eme mixte capere 2e plur cep{eritis}
18%
Active Subjonctif Plus-que-parfait 3eme mixte capere 1e plur cep{issemus}
18%
Active Subjonctif Plus-que-parfait 3eme mixte capere 3e plur cep{issent}
18%
Active Subjonctif Plus-que-parfait 3eme mixte capere 2e sing cep{isses}
18%
Active Subjonctif Plus-que-parfait 3eme mixte capere 3e sing cep{isset}
18%
Active Subjonctif Plus-que-parfait 3eme mixte capere 2e plur cep{issetis}
18%
Passive Indicatif Futur 2eme delere 3e sing del{ebitur}
18%
Passive Indicatif Futur 2eme delere 3e plur del{ebuntur}
18%
Active Impératif Présent 2eme delere 2e plur del{ete}
18%
Passive Indicatif Parfait 2eme delere 1e plur delet{i} {sumus}
18%
Passive Indicatif Parfait 2eme delere 1e sing delet{us} {sum}
18%
Active Subjonctif Parfait 2eme delere 1e sing delev{erim}
18%
Active Subjonctif Parfait 2eme delere 1e plur delev{erimus}
18%
Active Subjonctif Parfait 2eme delere 3e plur delev{erint}
18%
Active Subjonctif Parfait 2eme delere 2e sing delev{eris}
18%
Active Subjonctif Parfait 2eme delere 3e sing delev{erit}
18%
Active Subjonctif Parfait 2eme delere 2e plur delev{eritis}
18%
Active Subjonctif Plus-que-parfait 2eme delere 1e sing delev{issem}
18%
Active Subjonctif Plus-que-parfait 2eme delere 1e plur delev{issemus}
18%
Active Subjonctif Plus-que-parfait 2eme delere 3e plur delev{issent}
18%
Active Subjonctif Plus-que-parfait 2eme delere 2e sing delev{isses}
18%
Active Subjonctif Plus-que-parfait 2eme delere 3e sing delev{isset}
18%
Active Subjonctif Plus-que-parfait 2eme delere 2e plur delev{issetis}
18%
Passive Indicatif Parfait 3eme legere 1e sing lect{us} {sum}
18%
Active Subjonctif Imparfait 3eme legere 3e plur leg{erent}
18%
Active Subjonctif Imparfait 3eme legere 2e plur leg{eretis}
18%
Active Subjonctif Parfait 3eme legere 1e sing leg{erim}
18%
Active Subjonctif Parfait 3eme legere 1e plur leg{erimus}
18%
Active Subjonctif Parfait 3eme legere 3e plur leg{erint}
18%
Active Subjonctif Parfait 3eme legere 2e sing leg{eris}
18%
Active Subjonctif Parfait 3eme legere 3e sing leg{erit}
18%
Active Subjonctif Parfait 3eme legere 2e plur leg{eritis}
18%
Passive Indicatif Futur 3eme legere 3e sing leg{etur}
18%
Active Subjonctif Plus-que-parfait 3eme legere 1e plur leg{issemus}
18%
Active Subjonctif Plus-que-parfait 3eme legere 3e plur leg{issent}
18%
Active Subjonctif Plus-que-parfait 3eme legere 2e sing leg{isses}
18%
Active Subjonctif Plus-que-parfait 3eme legere 3e sing leg{isset}
18%
Active Subjonctif Plus-que-parfait 3eme legere 2e plur leg{issetis}
18%
Active Impératif Présent 3eme legere 2e plur leg{ite}
18%
Passive Indicatif Parfait 1ere amare 2e plur amat{i} {estis}
12%
Passive Indicatif Parfait 1ere amare 3e plur amat{i} {sunt}
12%
Active Impératif Futur 1ere amare 2e sing am{ato}
12%
Passive Indicatif Plus-que-parfait 1ere amare 2e sing amat{us} {eras}
12%
Passive Indicatif Futur antérieur 1ere amare 1e sing amat{us} {ero}
12%
Passive Indicatif Parfait 1ere amare 2e sing amat{us} {es}
12%
Passive Indicatif Parfait 1ere amare 3e sing amat{us} {est}
12%
Passive Subjonctif Présent 1ere amare 1e sing am{er}
12%
Passive Subjonctif Présent 1ere amare 2e sing am{eris}
12%
Passive Subjonctif Présent 1ere amare 3e sing am{etur}
12%
Passive Subjonctif Présent 4eme audire 1e sing aud{iar}
12%
Passive Subjonctif Présent 4eme audire 2e sing aud{iaris}
12%
Passive Indicatif Parfait 4eme audire 2e plur audit{i} {estis}
12%
Passive Indicatif Parfait 4eme audire 1e plur audit{i} {sumus}
12%
Passive Indicatif Parfait 4eme audire 3e plur audit{i} {sunt}
12%
Active Impératif Futur 4eme audire 2e sing aud{ito}
12%
Passive Indicatif Plus-que-parfait 4eme audire 1e sing audit{us} {eram}
12%
Passive Indicatif Parfait 4eme audire 2e sing audit{us} {es}
12%
Passive Indicatif Parfait 4eme audire 3e sing audit{us} {est}
12%
Passive Indicatif Parfait 4eme audire 1e sing audit{us} {sum}
12%
Passive Subjonctif Présent 3eme mixte capere 1e sing cap{iar}
12%
Passive Subjonctif Présent 3eme mixte capere 2e sing cap{iaris}
12%
Passive Subjonctif Présent 3eme mixte capere 3e sing cap{iatur}
12%
Active Impératif Présent 3eme mixte capere 2e plur cap{ite}
12%
Active Impératif Futur 3eme mixte capere 2e sing cap{ito}
12%
Passive Indicatif Parfait 3eme mixte capere 2e plur capt{i} {estis}
12%
Passive Indicatif Parfait 3eme mixte capere 1e plur capt{i} {sumus}
12%
Passive Indicatif Parfait 3eme mixte capere 3e plur capt{i} {sunt}
12%
Passive Indicatif Plus-que-parfait 3eme mixte capere 1e sing capt{us} {eram}
12%
Passive Indicatif Parfait 3eme mixte capere 2e sing capt{us} {es}
12%
Passive Indicatif Parfait 3eme mixte capere 3e sing capt{us} {est}
12%
Passive Indicatif Parfait 3eme mixte capere 1e sing capt{us} {sum}
12%
Passive Indicatif Parfait 2eme delere 2e plur delet{i} {estis}
12%
Passive Indicatif Parfait 2eme delere 3e plur delet{i} {sunt}
12%
Active Impératif Futur 2eme delere 2e sing del{eto}
12%
Passive Indicatif Plus-que-parfait 2eme delere 1e sing delet{us} {eram}
12%
Passive Indicatif Plus-que-parfait 2eme delere 2e sing delet{us} {eras}
12%
Passive Indicatif Parfait 2eme delere 2e sing delet{us} {es}
12%
Passive Indicatif Parfait 2eme delere 3e sing delet{us} {est}
12%
Passive Indicatif Parfait 3eme legere 2e plur lect{i} {estis}
12%
Passive Indicatif Parfait 3eme legere 1e plur lect{i} {sumus}
12%
Passive Indicatif Parfait 3eme legere 3e plur lect{i} {sunt}
12%
Passive Indicatif Plus-que-parfait 3eme legere 1e sing lect{us} {eram}
12%
Passive Indicatif Plus-que-parfait 3eme legere 2e sing lect{us} {eras}
12%
Passive Indicatif Parfait 3eme legere 2e sing lect{us} {es}
12%
Passive Indicatif Parfait 3eme legere 3e sing lect{us} {est}
12%
Passive Subjonctif Présent 3eme legere 1e sing leg{ar}
12%
Passive Subjonctif Présent 3eme legere 2e sing leg{aris}
12%
Passive Subjonctif Présent 3eme legere 3e sing leg{atur}
12%
Active Impératif Futur 3eme legere 2e sing leg{ito}
12%
Active Impératif Futur 1ere amare 3e plur am{anto}
6%
Passive Impératif Présent 1ere amare 2e sing am{are}
6%
Passive Subjonctif Imparfait 1ere amare 1e sing am{arer}
6%
Passive Subjonctif Imparfait 1ere amare 2e sing am{areris}
6%
Passive Indicatif Plus-que-parfait 1ere amare 1e plur amat{i} {eramus}
6%
Passive Indicatif Plus-que-parfait 1ere amare 3e plur amat{i} {erant}
6%
Passive Indicatif Plus-que-parfait 1ere amare 2e plur amat{i} {eratis}
6%
Passive Indicatif Futur antérieur 1ere amare 1e plur amat{i} {erimus}
6%
Passive Indicatif Futur antérieur 1ere amare 2e plur amat{i} {eritis}
6%
Passive Indicatif Futur antérieur 1ere amare 3e plur amat{i} {erunt}
6%
Active Impératif Futur 1ere amare 3e sing am{ato}
6%
Active Impératif Futur 1ere amare 2e plur am{atote}
6%
Passive Indicatif Plus-que-parfait 1ere amare 3e sing amat{us} {erat}
6%
Passive Indicatif Futur antérieur 1ere amare 2e sing amat{us} {eris}
6%
Passive Indicatif Futur antérieur 1ere amare 3e sing amat{us} {erit}
6%
Passive Subjonctif Plus-que-parfait 1ere amare 1e sing amat{us} {essem}
6%
Passive Subjonctif Présent 1ere amare 2e plur am{emini}
6%
Passive Subjonctif Présent 1ere amare 1e plur am{emur}
6%
Passive Subjonctif Présent 1ere amare 3e plur am{entur}
6%
Passive Subjonctif Présent 4eme audire 2e plur aud{iamini}
6%
Passive Subjonctif Présent 4eme audire 1e plur aud{iamur}
6%
Passive Subjonctif Présent 4eme audire 3e plur aud{iantur}
6%
Passive Subjonctif Présent 4eme audire 3e sing aud{iatur}
6%
Passive Indicatif Plus-que-parfait 4eme audire 1e plur audit{i} {eramus}
6%
Passive Indicatif Plus-que-parfait 4eme audire 3e plur audit{i} {erant}
6%
Passive Indicatif Plus-que-parfait 4eme audire 2e plur audit{i} {eratis}
6%
Passive Indicatif Futur antérieur 4eme audire 1e plur audit{i} {erimus}
6%
Passive Indicatif Futur antérieur 4eme audire 2e plur audit{i} {eritis}
6%
Passive Indicatif Futur antérieur 4eme audire 3e plur audit{i} {erunt}
6%
Active Impératif Futur 4eme audire 3e sing aud{ito}
6%
Active Impératif Futur 4eme audire 2e plur aud{itote}
6%
Passive Indicatif Plus-que-parfait 4eme audire 2e sing audit{us} {eras}
6%
Passive Indicatif Plus-que-parfait 4eme audire 3e sing audit{us} {erat}
6%
Passive Indicatif Futur antérieur 4eme audire 2e sing audit{us} {eris}
6%
Passive Indicatif Futur antérieur 4eme audire 3e sing audit{us} {erit}
6%
Passive Indicatif Futur antérieur 4eme audire 1e sing audit{us} {ero}
6%
Active Impératif Futur 4eme audire 3e plur aud{iunto}
6%
Passive Impératif Présent 3eme mixte capere 2e sing cap{ere}
6%
Passive Subjonctif Présent 3eme mixte capere 2e plur cap{iamini}
6%
Passive Subjonctif Présent 3eme mixte capere 1e plur cap{iamur}
6%
Passive Subjonctif Présent 3eme mixte capere 3e plur cap{iantur}
6%
Active Impératif Futur 3eme mixte capere 3e sing cap{ito}
6%
Active Impératif Futur 3eme mixte capere 2e plur cap{itote}
6%
Active Impératif Futur 3eme mixte capere 3e plur cap{iunto}
6%
Passive Indicatif Plus-que-parfait 3eme mixte capere 1e plur capt{i} {eramus}
6%
Passive Indicatif Plus-que-parfait 3eme mixte capere 3e plur capt{i} {erant}
6%
Passive Indicatif Plus-que-parfait 3eme mixte capere 2e plur capt{i} {eratis}
6%
Passive Indicatif Futur antérieur 3eme mixte capere 1e plur capt{i} {erimus}
6%
Passive Indicatif Futur antérieur 3eme mixte capere 2e plur capt{i} {eritis}
6%
Passive Indicatif Futur antérieur 3eme mixte capere 3e plur capt{i} {erunt}
6%
Passive Indicatif Plus-que-parfait 3eme mixte capere 2e sing capt{us} {eras}
6%
Passive Indicatif Plus-que-parfait 3eme mixte capere 3e sing capt{us} {erat}
6%
Passive Indicatif Futur antérieur 3eme mixte capere 2e sing capt{us} {eris}
6%
Passive Indicatif Futur antérieur 3eme mixte capere 3e sing capt{us} {erit}
6%
Passive Indicatif Futur antérieur 3eme mixte capere 1e sing capt{us} {ero}
6%
Passive Subjonctif Présent 2eme delere 1e sing del{ear}
6%
Passive Subjonctif Présent 2eme delere 2e sing del{earis}
6%
Passive Subjonctif Présent 2eme delere 3e sing del{eatur}
6%
Active Impératif Futur 2eme delere 3e plur del{ento}
6%
Passive Impératif Présent 2eme delere 2e sing del{ere}
6%
Passive Indicatif Plus-que-parfait 2eme delere 1e plur delet{i} {eramus}
6%
Passive Indicatif Plus-que-parfait 2eme delere 3e plur delet{i} {erant}
6%
Passive Indicatif Plus-que-parfait 2eme delere 2e plur delet{i} {eratis}
6%
Passive Indicatif Futur antérieur 2eme delere 1e plur delet{i} {erimus}
6%
Passive Indicatif Futur antérieur 2eme delere 2e plur delet{i} {eritis}
6%
Passive Indicatif Futur antérieur 2eme delere 3e plur delet{i} {erunt}
6%
Active Impératif Futur 2eme delere 3e sing del{eto}
6%
Active Impératif Futur 2eme delere 2e plur del{etote}
6%
Passive Indicatif Plus-que-parfait 2eme delere 3e sing delet{us} {erat}
6%
Passive Indicatif Futur antérieur 2eme delere 2e sing delet{us} {eris}
6%
Passive Indicatif Futur antérieur 2eme delere 3e sing delet{us} {erit}
6%
Passive Indicatif Futur antérieur 2eme delere 1e sing delet{us} {ero}
6%
Passive Indicatif Plus-que-parfait 3eme legere 1e plur lect{i} {eramus}
6%
Passive Indicatif Plus-que-parfait 3eme legere 3e plur lect{i} {erant}
6%
Passive Indicatif Plus-que-parfait 3eme legere 2e plur lect{i} {eratis}
6%
Passive Indicatif Futur antérieur 3eme legere 1e plur lect{i} {erimus}
6%
Passive Indicatif Futur antérieur 3eme legere 2e plur lect{i} {eritis}
6%
Passive Indicatif Futur antérieur 3eme legere 3e plur lect{i} {erunt}
6%
Passive Indicatif Plus-que-parfait 3eme legere 3e sing lect{us} {erat}
6%
Passive Indicatif Futur antérieur 3eme legere 2e sing lect{us} {eris}
6%
Passive Indicatif Futur antérieur 3eme legere 3e sing lect{us} {erit}
6%
Passive Indicatif Futur antérieur 3eme legere 1e sing lect{us} {ero}
6%
Passive Subjonctif Présent 3eme legere 2e plur leg{amini}
6%
Passive Subjonctif Présent 3eme legere 1e plur leg{amur}
6%
Passive Subjonctif Présent 3eme legere 3e plur leg{antur}
6%
Passive Impératif Présent 3eme legere 2e sing leg{ere}
6%
Active Impératif Futur 3eme legere 3e sing leg{ito}
6%
Active Impératif Futur 3eme legere 2e plur leg{itote}
6%
Active Impératif Futur 3eme legere 3e plur leg{unto}
6%
Passive Impératif Présent 1ere amare 2e plur am{amini}
0%
Passive Impératif Futur 1ere amare 3e plur am{antor}
0%
Passive Subjonctif Imparfait 1ere amare 2e plur am{aremini}
0%
Passive Subjonctif Imparfait 1ere amare 1e plur am{aremur}
0%
Passive Subjonctif Imparfait 1ere amare 3e plur am{arentur}
0%
Passive Subjonctif Imparfait 1ere amare 3e sing am{aretur}
0%
Passive Subjonctif Plus-que-parfait 1ere amare 1e plur amat{i} {essemus}
0%
Passive Subjonctif Plus-que-parfait 1ere amare 3e plur amat{i} {essent}
0%
Passive Subjonctif Plus-que-parfait 1ere amare 2e plur amat{i} {essetis}
0%
Passive Subjonctif Parfait 1ere amare 1e plur amat{i} {simus}
0%
Passive Subjonctif Parfait 1ere amare 3e plur amat{i} {sint}
0%
Passive Subjonctif Parfait 1ere amare 2e plur amat{i} {sitis}
0%
Passive Impératif Futur 1ere amare 2e sing am{ator}
0%
Passive Impératif Futur 1ere amare 3e sing am{ator}
0%
Passive Subjonctif Plus-que-parfait 1ere amare 2e sing amat{us} {esses}
0%
Passive Subjonctif Plus-que-parfait 1ere amare 3e sing amat{us} {esset}
0%
Passive Subjonctif Parfait 1ere amare 1e sing amat{us} {sim}
0%
Passive Subjonctif Parfait 1ere amare 2e sing amat{us} {sis}
0%
Passive Subjonctif Parfait 1ere amare 3e sing amat{us} {sit}
0%
Passive Impératif Présent 4eme audire 2e plur aud{imini}
0%
Passive Impératif Présent 4eme audire 2e sing aud{ire}
0%
Passive Subjonctif Imparfait 4eme audire 2e plur aud{iremini}
0%
Passive Subjonctif Imparfait 4eme audire 1e plur aud{iremur}
0%
Passive Subjonctif Imparfait 4eme audire 3e plur aud{irentur}
0%
Passive Subjonctif Imparfait 4eme audire 1e sing aud{irer}
0%
Passive Subjonctif Imparfait 4eme audire 2e sing aud{ireris}
0%
Passive Subjonctif Imparfait 4eme audire 3e sing aud{iretur}
0%
Passive Subjonctif Plus-que-parfait 4eme audire 1e plur audit{i} {essemus}
0%
Passive Subjonctif Plus-que-parfait 4eme audire 3e plur audit{i} {essent}
0%
Passive Subjonctif Plus-que-parfait 4eme audire 2e plur audit{i} {essetis}
0%
Passive Subjonctif Parfait 4eme audire 1e plur audit{i} {simus}
0%
Passive Subjonctif Parfait 4eme audire 3e plur audit{i} {sint}
0%
Passive Subjonctif Parfait 4eme audire 2e plur audit{i} {sitis}
0%
Passive Impératif Futur 4eme audire 2e sing aud{itor}
0%
Passive Impératif Futur 4eme audire 3e sing aud{itor}
0%
Passive Subjonctif Plus-que-parfait 4eme audire 1e sing audit{us} {essem}
0%
Passive Subjonctif Plus-que-parfait 4eme audire 2e sing audit{us} {esses}
0%
Passive Subjonctif Plus-que-parfait 4eme audire 3e sing audit{us} {esset}
0%
Passive Subjonctif Parfait 4eme audire 1e sing audit{us} {sim}
0%
Passive Subjonctif Parfait 4eme audire 2e sing audit{us} {sis}
0%
Passive Subjonctif Parfait 4eme audire 3e sing audit{us} {sit}
0%
Passive Impératif Futur 4eme audire 3e plur aud{iuntor}
0%
Passive Subjonctif Imparfait 3eme mixte capere 2e plur cap{eremini}
0%
Passive Subjonctif Imparfait 3eme mixte capere 1e plur cap{eremur}
0%
Passive Subjonctif Imparfait 3eme mixte capere 3e plur cap{erentur}
0%
Passive Subjonctif Imparfait 3eme mixte capere 1e sing cap{erer}
0%
Passive Subjonctif Imparfait 3eme mixte capere 2e sing cap{ereris}
0%
Passive Subjonctif Imparfait 3eme mixte capere 3e sing cap{eretur}
0%
Passive Impératif Présent 3eme mixte capere 2e plur cap{imini}
0%
Passive Impératif Futur 3eme mixte capere 2e sing cap{itor}
0%
Passive Impératif Futur 3eme mixte capere 3e sing cap{itor}
0%
Passive Impératif Futur 3eme mixte capere 3e plur cap{iuntor}
0%
Passive Subjonctif Plus-que-parfait 3eme mixte capere 1e plur capt{i} {essemus}
0%
Passive Subjonctif Plus-que-parfait 3eme mixte capere 3e plur capt{i} {essent}
0%
Passive Subjonctif Plus-que-parfait 3eme mixte capere 2e plur capt{i} {essetis}
0%
Passive Subjonctif Parfait 3eme mixte capere 1e plur capt{i} {simus}
0%
Passive Subjonctif Parfait 3eme mixte capere 3e plur capt{i} {sint}
0%
Passive Subjonctif Parfait 3eme mixte capere 2e plur capt{i} {sitis}
0%
Passive Subjonctif Plus-que-parfait 3eme mixte capere 1e sing capt{us} {essem}
0%
Passive Subjonctif Plus-que-parfait 3eme mixte capere 2e sing capt{us} {esses}
0%
Passive Subjonctif Plus-que-parfait 3eme mixte capere 3e sing capt{us} {esset}
0%
Passive Subjonctif Parfait 3eme mixte capere 1e sing capt{us} {sim}
0%
Passive Subjonctif Parfait 3eme mixte capere 2e sing capt{us} {sis}
0%
Passive Subjonctif Parfait 3eme mixte capere 3e sing capt{us} {sit}
0%
Passive Subjonctif Présent 2eme delere 2e plur del{eamini}
0%
Passive Subjonctif Présent 2eme delere 1e plur del{eamur}
0%
Passive Subjonctif Présent 2eme delere 3e plur del{eantur}
0%
Passive Impératif Présent 2eme delere 2e plur del{emini}
0%
Passive Impératif Futur 2eme delere 3e plur del{entor}
0%
Passive Subjonctif Imparfait 2eme delere 2e plur del{eremini}
0%
Passive Subjonctif Imparfait 2eme delere 1e plur del{eremur}
0%
Passive Subjonctif Imparfait 2eme delere 3e plur del{erentur}
0%
Passive Subjonctif Imparfait 2eme delere 1e sing del{erer}
0%
Passive Subjonctif Imparfait 2eme delere 2e sing del{ereris}
0%
Passive Subjonctif Imparfait 2eme delere 3e sing del{eretur}
0%
Passive Subjonctif Plus-que-parfait 2eme delere 1e plur delet{i} {essemus}
0%
Passive Subjonctif Plus-que-parfait 2eme delere 3e plur delet{i} {essent}
0%
Passive Subjonctif Plus-que-parfait 2eme delere 2e plur delet{i} {essetis}
0%
Passive Subjonctif Parfait 2eme delere 1e plur delet{i} {simus}
0%
Passive Subjonctif Parfait 2eme delere 3e plur delet{i} {sint}
0%
Passive Subjonctif Parfait 2eme delere 2e plur delet{i} {sitis}
0%
Passive Impératif Futur 2eme delere 2e sing del{etor}
0%
Passive Impératif Futur 2eme delere 3e sing del{etor}
0%
Passive Subjonctif Plus-que-parfait 2eme delere 1e sing delet{us} {essem}
0%
Passive Subjonctif Plus-que-parfait 2eme delere 2e sing delet{us} {esses}
0%
Passive Subjonctif Plus-que-parfait 2eme delere 3e sing delet{us} {esset}
0%
Passive Subjonctif Parfait 2eme delere 1e sing delet{us} {sim}
0%
Passive Subjonctif Parfait 2eme delere 2e sing delet{us} {sis}
0%
Passive Subjonctif Parfait 2eme delere 3e sing delet{us} {sit}
0%
Passive Subjonctif Plus-que-parfait 3eme legere 1e plur lect{i} {essemus}
0%
Passive Subjonctif Plus-que-parfait 3eme legere 3e plur lect{i} {essent}
0%
Passive Subjonctif Plus-que-parfait 3eme legere 2e plur lect{i} {essetis}
0%
Passive Subjonctif Parfait 3eme legere 1e plur lect{i} {simus}
0%
Passive Subjonctif Parfait 3eme legere 3e plur lect{i} {sint}
0%
Passive Subjonctif Parfait 3eme legere 2e plur lect{i} {sitis}
0%
Passive Subjonctif Plus-que-parfait 3eme legere 1e sing lect{us} {essem}
0%
Passive Subjonctif Plus-que-parfait 3eme legere 2e sing lect{us} {esses}
0%
Passive Subjonctif Plus-que-parfait 3eme legere 3e sing lect{us} {esset}
0%
Passive Subjonctif Parfait 3eme legere 1e sing lect{us} {sim}
0%
Passive Subjonctif Parfait 3eme legere 2e sing lect{us} {sis}
0%
Passive Subjonctif Parfait 3eme legere 3e sing lect{us} {sit}
0%
Passive Subjonctif Imparfait 3eme legere 2e plur leg{eremini}
0%
Passive Subjonctif Imparfait 3eme legere 1e plur leg{eremur}
0%
Passive Subjonctif Imparfait 3eme legere 3e plur leg{erentur}
0%
Passive Subjonctif Imparfait 3eme legere 1e sing leg{erer}
0%
Passive Subjonctif Imparfait 3eme legere 2e sing leg{ereris}
0%
Passive Subjonctif Imparfait 3eme legere 3e sing leg{eretur}
0%
Passive Impératif Présent 3eme legere 2e plur leg{imini}
0%
Passive Impératif Futur 3eme legere 2e sing leg{itor}
0%
Passive Impératif Futur 3eme legere 3e sing leg{itor}
0%
Passive Impératif Futur 3eme legere 3e plur leg{untor}
0%
Aucun quiz correspondant
Distribution des résultats
% des personnes avec chaque résultat
Percentile par nombre de réponses
Votre historique - résultats
Vous n’avez pas pris ce quiz